[Event "Frankfurt Ch A 2016"]
[Site "Ffm-Höchst, BiKuZ"]
[Date "2016.06.06"]
[Round "6.49"]
[White "Dohmes, Swidbert"]
[Black "Stulken, Dietmar"]
[Result "1/2-1/2"]
[WhiteElo "1662"]
[BlackElo "1349"]
[PlyCount "82"]
[EventDate "2016.??.??"]
[WhiteTeam "SV Hofheim"]
[BlackTeam "SF Frankfurt"]

1. e4 e5 2. f4 d5 3. exd5 e4 4. d3 Nf6 5. Nd2 exd3 6. Bxd3 Qxd5 7. Ngf3 Bc5 8.
Qe2+ Qe6 9. Ne4 Nxe4 10. Bxe4 h6 11. Bd5 Qxe2+ 12. Kxe2 c6 13. Bb3 O-O 14. Re1
Be6 15. Bxe6 fxe6 16. Ne5 Bd4 17. Nd3 Nd7 18. Be3 Bxe3 19. Kxe3 Rae8 20. Kd2
Nb6 21. Re4 Re7 22. Rae1 Nd5 23. c4 Nc7 24. Kc2 Rf6 25. g3 Kf8 26. Ne5 Ke8 27.
b4 g5 28. fxg5 hxg5 29. Ng4 Rf3 30. Re5 Rf5 31. R1e2 Rxe5 32. Nxe5 Rg7 33. Kd3
Ke7 34. Ng4 Kf8 35. Rf2+ Ke7 36. Ke4 Ne8 37. c5 Nc7 38. Ke5 Nd5 39. a3 a6 40.
Kd4 Nc7 41. a4 Rg8 1/2-1/2

[Event "Frankfurt Ch A 2016"]
[Site "Ffm-Höchst, BiKuZ"]
[Date "2016.06.06"]
[Round "6.50"]
[White "Lehmann, Gerit"]
[Black "Lanz, Jürgen"]
[Result "0-1"]
[WhiteElo "1516"]
[BlackElo "1554"]
[PlyCount "92"]
[EventDate "2016.??.??"]
[WhiteTeam "SF Frankfurt"]
[BlackTeam "SC Hattersheim"]

1. d4 Nf6 2. c4 e6 3. Nc3 d5 4. cxd5 Nxd5 5. Nf3 Bb4 6. Qc2 c6 7. Bd2 Nxc3 8.
Bxc3 Qa5 9. Bxb4 Qxb4+ 10. Qd2 Na6 11. a3 Qxd2+ 12. Kxd2 Ke7 13. e3 b6 14. Rc1
Nb8 15. Bd3 f6 16. Rc3 Bb7 17. Rhc1 Nd7 18. b4 f5 19. Ne5 Nxe5 20. dxe5 Rhd8
21. Ke2 a5 22. b5 c5 23. g3 Rd7 24. Bc4 Rad8 25. Rd3 Bf3+ 26. Kxf3 Rxd3 27.
Bxd3 Rxd3 28. Ra1 a4 29. Ke2 Rb3 30. Ra2 Rxb5 31. Kd3 Rb3+ 32. Ke2 b5 33. Rc2
c4 34. Ra2 Rd3 35. Rb2 Rd5 36. f4 Kd7 37. Rd2 Kc6 38. Rc2 Rd3 39. Ra2 Kd5 40.
Rb2 Kc5 41. Ra2 b4 42. axb4+ Kxb4 43. Rb2+ Rb3 44. Rd2 a3 45. Kd1 Rb1+ 46. Kc2
a2 0-1

[Event "Frankfurt Ch A 2016"]
[Site "Ffm-Höchst, BiKuZ"]
[Date "2016.06.06"]
[Round "6.51"]
[White "Löhr, Holger"]
[Black "Lopez, Victor"]
[Result "0-1"]
[WhiteElo "1556"]
[BlackElo "1455"]
[PlyCount "108"]
[EventDate "2016.??.??"]
[WhiteTeam "SF Braunfels"]
[BlackTeam "SC Höchst"]

1. c4 c5 2. Nf3 Nc6 3. d4 cxd4 4. Nxd4 Nf6 5. Nc3 e6 6. a3 Be7 7. e4 Nxd4 8.
Qxd4 d6 9. Be2 b6 10. O-O Bb7 11. f4 Qc7 12. Bf3 e5 13. fxe5 dxe5 14. Qd3 Rd8
15. Qe2 O-O 16. b3 a6 17. Bb2 Bc5+ 18. Kh1 Bd4 19. Nd5 Nxd5 20. exd5 Bxb2 21.
Qxb2 f5 22. Rad1 Qd6 23. Rfe1 e4 24. Be2 f4 25. Bg4 e3 26. Bf3 Rde8 27. b4 Bc8
28. Qd4 Qf6 29. c5 bxc5 30. bxc5 Qxd4 31. Rxd4 g5 32. h3 Rf5 33. c6 Rd8 34. d6
Rc5 35. d7 Kf8 36. dxc8=Q Rxc8 37. h4 h6 38. hxg5 hxg5 39. Ra4 a5 40. Rd4 Ke7
41. Rd7+ Kf6 42. Red1 Re8 43. Re1 e2 44. Rd6+ Kf5 45. Rd2 g4 46. Rd5+ Rxd5 47.
Bxd5 Rd8 48. Bb3 f3 49. Kg1 Kf4 50. gxf3 gxf3 51. Kf2 Rh8 52. Rc1 Rh2+ 53. Ke1
Rh1+ 54. Kd2 Rxc1 0-1

[Event "Frankfurt Ch A 2016"]
[Site "Ffm-Höchst, BiKuZ"]
[Date "2016.06.06"]
[Round "6.52"]
[White "Kletzerman, Simon"]
[Black "Popp, Matthias"]
[Result "0-1"]
[WhiteElo "1509"]
[BlackElo "1534"]
[PlyCount "168"]
[EventDate "2016.??.??"]
[WhiteTeam "TuS Makkabi"]
[BlackTeam "SC Bergen-Enkheim"]

1. e4 c5 2. Nf3 Nc6 3. d4 cxd4 4. Nxd4 e5 5. Nf3 Nf6 6. Bd3 Be7 7. O-O O-O 8.
Nc3 d6 9. h3 a6 10. a3 b5 11. b4 Bb7 12. Nh2 Rc8 13. Nd5 Nxd5 14. exd5 Nb8 15.
Bxh7+ Kxh7 16. Qh5+ Kg8 17. Ng4 g6 18. Nh6+ Kg7 19. Qg4 Qd7 20. Qg3 Rh8 21. Ng4
Bxd5 22. Bb2 Rh5 23. f4 Qa7+ 24. Kh2 Bh4 25. Qd3 Be6 26. Ne3 Qc7 27. g4 Rh7 28.
f5 Bc4 29. Nxc4 Qxc4 30. Qxc4 Rxc4 31. c3 Be7 32. Rg1 g5 33. Rad1 f6 34. Rd3
Rh8 35. Kg2 Rhc8 36. Rh1 Kf7 37. Rg3 Rh8 38. Rd3 Ke8 39. Rg3 Kd7 40. Rd3 Bd8
41. Rhd1 Bc7 42. Rd5 Kc6 43. Ba1 Nd7 44. R5d3 Nb6 45. R1d2 Rf4 46. Rd1 Nc4 47.
Kg3 Bb6 48. Rd5 Rd8 49. R5d3 Re4 50. h4 Re3+ 51. Rxe3 Nxe3 52. Rh1 Rh8 53. h5
Rh6 54. Bb2 Nc4 55. Bc1 Be3 56. Bxe3 Nxe3 57. Kf3 Nc4 58. a4 bxa4 59. Ra1 a3
60. Ra2 d5 61. Ke2 Kd6 62. Kd3 Rh7 63. Ra1 Rc7 64. Ra2 a5 65. bxa5 Ra7 66. h6
Rh7 67. Rh2 Nxa5 68. Kc2 Nc4 69. Kb3 e4 70. Ka2 Ke5 71. Rh3 Kf4 72. Rh2 Kxg4
73. Rh1 Kxf5 74. Rf1+ Ke5 75. Rb1 Rxh6 76. Ka1 f5 77. Rb4 Rb6 78. Rxb6 Nxb6 79.
c4 Nxc4 80. Ka2 g4 81. Ka1 g3 82. Ka2 g2 83. Ka1 g1=Q+ 84. Ka2 Qf2+ 0-1

[Event "Frankfurt Ch A 2016"]
[Site "Ffm-Höchst, BiKuZ"]
[Date "2016.06.06"]
[Round "6.53"]
[White "Ketting, Douwe"]
[Black "Gude, Michael"]
[Result "1-0"]
[WhiteElo "1451"]
[BlackElo "1532"]
[PlyCount "57"]
[EventDate "2016.??.??"]
[WhiteTeam "SC Somborn"]
[BlackTeam "SF Fürth"]

1. b4 e5 2. Bb2 Bd6 3. e3 Nf6 4. a3 c6 5. Nf3 Qe7 6. c4 O-O 7. d4 exd4 8. c5
Bc7 9. Bxd4 d5 10. cxd6 Bxd6 11. Qc2 a5 12. bxa5 c5 13. Bc3 Nc6 14. a6 bxa6 15.
Nbd2 Be6 16. Bb2 Rfb8 17. Bd3 h6 18. O-O a5 19. Rfe1 a4 20. e4 Nd7 21. e5 Bc7
22. Re4 Bf5 23. Re3 Bxd3 24. Rxd3 Ndxe5 25. Re1 Nxf3+ 26. Nxf3 Qf8 27. Red1 Rd8
28. Rd7 Bd6 29. R1xd6 1-0

[Event "Frankfurt Ch A 2016"]
[Site "Ffm-Höchst, BiKuZ"]
[Date "2016.06.06"]
[Round "6.54"]
[White "Richter, Wolfram"]
[Black "Grams, Thilo"]
[Result "1-0"]
[WhiteElo "1510"]
[BlackElo "1388"]
[PlyCount "72"]
[EventDate "2016.??.??"]
[WhiteTeam "SK Bad Sooden-Allendorf"]
[BlackTeam "SC Ketsch"]

1. Nf3 Nf6 2. g3 g6 3. d3 Bg7 4. Bg2 d6 5. Nbd2 Nbd7 6. O-O O-O 7. e4 e5 8. a4
c6 9. Nc4 d5 10. exd5 cxd5 11. Ncxe5 Re8 12. Re1 Nxe5 13. Nxe5 Bf5 14. Bg5 Qb6
15. Rb1 Rac8 16. b4 Qc7 17. Bxf6 Bxf6 18. g4 Bxe5 19. gxf5 Bxh2+ 20. Kh1 gxf5
21. Qh5 Be5 22. Bxd5 Bg7 23. Rg1 Qe7 24. Rg2 Kh8 25. Rbg1 Rg8 26. Bxf7 Rc6 27.
Bg6 Bf8 28. Rg5 Rcxg6 29. Rxg6 Rxg6 30. Rxg6 Qe1+ 31. Kg2 f4 32. Rf6 Bxb4 33.
Rf7 f3+ 34. Qxf3 Qe6 35. Rf4 Qg6+ 36. Rg4 Qh6 1-0

[Event "Frankfurt Ch B 2016"]
[Site "Ffm-Höchst, BiKuZ"]
[Date "2016.06.06"]
[Round "6.1"]
[White "Hagel, Stephan"]
[Black "Manasek, Martin"]
[Result "1/2-1/2"]
[WhiteElo "1388"]
[BlackElo "1311"]
[PlyCount "101"]
[EventDate "2016.??.??"]
[WhiteTeam "SK Hungen"]
[BlackTeam "Bad Vilbeler Sfr"]

1. e4 c5 2. Nf3 Nc6 3. b4 cxb4 4. d4 d5 5. exd5 Qxd5 6. c4 Qd8 7. d5 Na5 8. Ne5
b5 9. Qf3 Nf6 10. d6 Bb7 11. d7+ Qxd7 12. Nxd7 Bxf3 13. Nxf6+ exf6 14. gxf3
bxc4 15. Nd2 Rc8 16. Be2 Be7 17. O-O O-O 18. Re1 f5 19. Nxc4 Nxc4 20. Bxc4 Bf6
21. Bxf7+ Rxf7 22. Rb1 a5 23. a3 Bc3 24. Rd1 bxa3 25. Bxa3 Bf6 26. Rb5 a4 27.
Ra5 g6 28. Rxa4 Kg7 29. Bb4 Kh6 30. Bd2+ Kg7 31. Be3 h6 32. f4 Rd8 33. Rxd8
Bxd8 34. Bd4+ Bf6 35. Bxf6+ Kxf6 36. h4 Kg7 37. Kg2 g5 38. fxg5 hxg5 39. hxg5
Kg6 40. f4 Kh5 41. Kf3 Rc7 42. Ra3 Rc6 43. Re3 Kg6 44. Kg3 Kh5 45. Kh3 Rc4 46.
Kg3 Rc6 47. Kf3 Ra6 48. Re1 Ra3+ 49. Re3 Ra6 50. Kg2 Ra2+ 51. Kf3 1/2-1/2

[Event "Frankfurt Ch B 2016"]
[Site "Ffm-Höchst, BiKuZ"]
[Date "2016.06.06"]
[Round "6.2"]
[White "Brand, Achim"]
[Black "Wöhl, Torsten"]
[Result "0-1"]
[WhiteElo "1335"]
[BlackElo "1363"]
[PlyCount "74"]
[EventDate "2016.??.??"]
[WhiteTeam "SVG Echzell"]
[BlackTeam "SC Groß-Zimmern"]

1. e4 e6 2. Nf3 d5 3. exd5 exd5 4. d4 c5 5. Be2 Nc6 6. O-O Qb6 7. c3 Nf6 8. Re1
Be7 9. b3 O-O 10. Be3 Bg4 11. Ne5 Bxe2 12. Rxe2 Nxe5 13. dxe5 Ng4 14. Qxd5 Rad8
15. c4 Rxd5 16. cxd5 Nxe5 17. Nc3 Ng4 18. Bd2 Bf6 19. h3 Nh6 20. Rae1 Nf5 21.
Ne4 Bd4 22. Bc3 Qg6 23. Kf1 Nh4 24. g3 Nf3 25. Rd1 Qh5 26. Kg2 Nh4+ 27. Kf1 Nf5
28. h4 Qf3 29. Ke1 Bxc3+ 30. Nxc3 Qxc3+ 31. Kf1 Qf3 32. Ke1 Nd4 33. Re3 Nc2+
34. Kd2 Nxe3 35. fxe3 Qxd5+ 36. Ke2 Qg2+ 37. Kd3 Rd8+ 0-1

[Event "Frankfurt Ch B 2016"]
[Site "Ffm-Höchst, BiKuZ"]
[Date "2016.06.06"]
[Round "6.3"]
[White "Wich, Manuela"]
[Black "Mayer, Rolf"]
[Result "1-0"]
[WhiteElo "1493"]
[BlackElo "1259"]
[PlyCount "153"]
[EventDate "2016.??.??"]
[WhiteTeam "Niederräder TG"]
[BlackTeam "SC Flörsheim"]

1. e4 d6 2. Nc3 e5 3. Bc4 Nf6 4. Nf3 Bg4 5. h3 Bxf3 6. Qxf3 a6 7. d3 Nc6 8. Be3
Na5 9. Bb3 Nxb3 10. axb3 Be7 11. O-O O-O 12. Ne2 d5 13. Ng3 g6 14. Bh6 Re8 15.
Rfe1 d4 16. h4 Qc8 17. Nf5 Nh5 18. Nxe7+ Rxe7 19. g3 Qh3 20. Qg2 Qxg2+ 21. Kxg2
Re6 22. b4 b5 23. Rec1 c6 24. c4 bxc4 25. Rxc4 f5 26. f3 Ng7 27. Rac1 Rc8 28.
Rc5 Kf7 29. Ra5 Ra8 30. Rca1 Ne8 31. Rxa6 Rb8 32. Ra7+ Re7 33. Bg5 Rxa7 34.
Rxa7+ Kg8 35. Bd2 Rb5 36. Re7 Ng7 37. Rc7 fxe4 38. fxe4 Rb6 39. Kh3 Nh5 40. Re7
Rb5 41. Kg4 Kh8 42. Re6 Kg8 43. Rxc6 Rb7 44. Rc1 Rf7 45. Bh6 Rb7 46. Rf1 Rf7
47. Rxf7 Kxf7 48. Kf3 Ke6 49. g4 Nf6 50. Bg7 Nd7 51. Ke2 Kd6 52. Kd2 Kc6 53.
Kc2 Kd6 54. Kb3 Kc6 55. Ka4 Kb6 56. g5 Kc6 57. b5+ Kb6 58. b4 Kb7 59. Ka5 Kc7
60. b6+ Kb7 61. Kb5 Kb8 62. Kc6 Kc8 63. b7+ Kd8 64. Kd6 Nb8 65. Bf6+ Ke8 66.
Bxe5 Nd7 67. Bxd4 Kd8 68. e5 Ke8 69. e6 Nb8 70. Ba7 Na6 71. b8=Q+ Nxb8 72. Bxb8
h6 73. gxh6 g5 74. hxg5 Kf8 75. Kd7 Kg8 76. e7 Kh7 77. Bf4 1-0

[Event "Frankfurt Ch B 2016"]
[Site "Ffm-Höchst, BiKuZ"]
[Date "2016.06.06"]
[Round "6.5"]
[White "Both, Günter"]
[Black "Pessotschinski, Eduard"]
[Result "1-0"]
[WhiteElo "1477"]
[BlackElo "1040"]
[PlyCount "61"]
[EventDate "2016.??.??"]
[WhiteTeam "SK Bischofsheim"]
[BlackTeam "TuS Makkabi"]

1. e4 e5 2. Nf3 Nc6 3. Bb5 Nf6 4. O-O Nxe4 5. Re1 d5 6. d3 a6 7. Bxc6+ bxc6 8.
dxe4 Bg4 9. exd5 Qe7 10. Nc3 Rd8 11. Rxe5 Be6 12. Qe2 cxd5 13. Nd4 Rd6 14. Bf4
g6 15. Nxe6 fxe6 16. Re1 Kf7 17. Re3 d4 18. Bxd6 Qxd6 19. Rxe6 Qb4 20. Qf3+ Kg7
21. Qf6+ Kg8 22. Re7 Bxe7 23. Rxe7 Qxe7 24. Qxe7 dxc3 25. Qe6+ Kg7 26. Qe5+ Kg8
27. Qxc3 h5 28. Qxc7 Rh7 29. Qc4+ Rf7 30. Qxa6 Kg7 31. g3 1-0

[Event "Frankfurt Ch B 2016"]
[Site "Ffm-Höchst, BiKuZ"]
[Date "2016.06.06"]
[Round "6.6"]
[White "Nebel, Marcel"]
[Black "Schäfer, Dieter"]
[Result "1/2-1/2"]
[WhiteElo "1210"]
[BlackElo "1326"]
[PlyCount "134"]
[EventDate "2016.??.??"]
[WhiteTeam "SF Friedberg"]
[BlackTeam "SV Ffm-Griesheim"]

1. d4 d5 2. c4 dxc4 3. Nc3 c6 4. e3 b5 5. a4 b4 6. Ne4 Bf5 7. Nc5 e6 8. Bd2
Bxc5 9. dxc5 Bd3 10. Bxd3 cxd3 11. Bxb4 Na6 12. Qd2 Qg5 13. g3 Qd5 14. f3 Rd8
15. Bc3 f6 16. b4 Ne7 17. Rd1 O-O 18. Qb2 e5 19. e4 Qe6 20. Qb1 Qc4 21. Rc1 Rb8
22. Bd2 Qd4 23. Qa2+ Kh8 24. Qc4 Qxc4 25. Rxc4 Rfd8 26. Kf2 Rd4 27. Rxd4 exd4
28. Nh3 h6 29. Rb1 Nxc5 30. Bf4 Rb7 31. Bd6 Nxa4 32. Nf4 Nc3 33. Rb3 d2 34. Rb1
Nxb1 35. Ke2 Rd7 36. Bxe7 Rxe7 37. Ng6+ Kg8 38. Nxe7+ Kf7 39. Nxc6 d3+ 40. Kd1
a6 41. Nb8 Ke7 42. Nxa6 Kd7 43. Nc5+ Kc6 44. Nxd3 Kb5 45. Kc2 Kc4 46. Nb2+ Kxb4
47. f4 Na3+ 48. Kxd2 Nc4+ 49. Nxc4 Kxc4 50. Ke3 Kc5 51. f5 Kd6 52. Kf4 h5 53.
h4 Ke7 54. e5 fxe5+ 55. Kxe5 Kf7 56. Kf4 Kf6 57. Ke4 g6 58. fxg6 Kxg6 59. Kf4
Kf6 60. Ke4 Ke6 61. Kf4 Kf6 62. g4 hxg4 63. Kxg4 Kg6 64. h5+ Kh6 65. Kh4 Kg7
66. Kg5 Kh7 67. h6 Kg8 1/2-1/2

[Event "Frankfurt Ch B 2016"]
[Site "Ffm-Höchst, BiKuZ"]
[Date "2016.06.06"]
[Round "6.7"]
[White "Overkamp, Rüdiger"]
[Black "Brunner, Andreas"]
[Result "1/2-1/2"]
[WhiteElo "1198"]
[BlackElo "1300"]
[PlyCount "56"]
[EventDate "2016.??.??"]
[WhiteTeam "SF Heidelberg"]
[BlackTeam "FV Berkersheim"]

1. e4 e5 2. Nf3 Nc6 3. Bc4 Nf6 4. d3 Be7 5. O-O O-O 6. Nc3 d6 7. Ng5 h6 8. Nxf7
Rxf7 9. Bxf7+ Kxf7 10. f4 Bg4 11. Qd2 Nd4 12. fxe5 dxe5 13. h3 Be6 14. Ne2 c5
15. Nxd4 cxd4 16. Qe2 Kg8 17. Rf3 Nh7 18. Bd2 Bf6 19. Raf1 Qe7 20. a3 Rc8 21.
c3 dxc3 22. Bxc3 Qc5+ 23. Kh2 a5 24. Rg3 Bg5 25. Bd2 Bxd2 26. Qxd2 g5 27. h4 g4
28. Qxh6 Qe7 1/2-1/2

[Event "Frankfurt Ch B 2016"]
[Site "Ffm-Höchst, BiKuZ"]
[Date "2016.06.06"]
[Round "6.8"]
[White "Dröser, Wolfgang"]
[Black "Grünzig, Matthias"]
[Result "1/2-1/2"]
[WhiteElo "1190"]
[BlackElo "1256"]
[PlyCount "92"]
[EventDate "2016.??.??"]
[WhiteTeam "SF Frankfurt"]
[BlackTeam "FV Berkersheim"]

1. f4 d5 2. Nf3 g6 3. e3 Bg7 4. d3 Bg4 5. Be2 Nd7 6. O-O c6 7. d4 Ngf6 8. Nc3
e6 9. b4 Ne4 10. Qe1 Ndf6 11. Bb2 O-O 12. Ne5 Bxe2 13. Qxe2 Nxc3 14. Bxc3 Ne4
15. Be1 f6 16. Nd3 Qe7 17. c3 a5 18. bxa5 Rxa5 19. c4 Ra4 20. c5 e5 21. fxe5
fxe5 22. Rxf8+ Kxf8 23. Qf1+ Kg8 24. Nb2 Ra8 25. Qd3 exd4 26. exd4 Nxc5 27.
dxc5 Bxb2 28. Rb1 Bg7 29. Qb3 Qxc5+ 30. Bf2 Qe7 31. Re1 Qd7 32. Bc5 b5 33. Re7
Qf5 34. Rc7 Rc8 35. Rb7 Re8 36. Qd1 Qe4 37. Bf2 Qe2 38. Rxg7+ Kxg7 39. Qd4+ Kg8
40. h3 Qc4 41. Qa7 Qc1+ 42. Kh2 Qf4+ 43. Kg1 Qa4 44. Qd7 Qa8 45. Bd4 Re1+ 46.
Kf2 Re2+ 1/2-1/2

[Event "Frankfurt Ch B 2016"]
[Site "Ffm-Höchst, BiKuZ"]
[Date "2016.06.06"]
[Round "6.9"]
[White "Winter, Thomas"]
[Black "Ratfai, Miksa"]
[Result "1/2-1/2"]
[WhiteElo "1359"]
[BlackElo "947"]
[PlyCount "98"]
[EventDate "2016.??.??"]
[WhiteTeam "SC Steinbach"]
[BlackTeam "SC Bad Soden"]

1. e4 e5 2. Nf3 Nc6 3. Bb5 d6 4. d4 Bd7 5. Nc3 a6 6. Bxc6 Bxc6 7. dxe5 dxe5 8.
Qxd8+ Rxd8 9. Nxe5 Nf6 10. Nxc6 bxc6 11. O-O Bb4 12. Bg5 Rd6 13. e5 Bxc3 14.
bxc3 Rd5 15. Rfe1 Ng4 16. Bf4 Rc5 17. h3 Rc4 18. Bd2 Nh6 19. Rab1 O-O 20. Rb4
Rc5 21. f4 Rd8 22. Rd4 Rxd4 23. cxd4 Rxc2 24. Rb1 g6 25. Bb4 Nf5 26. Rd1 Ne3
27. Rd2 Rxd2 28. Bxd2 Nf5 29. Bc3 Kg7 30. Kf2 h6 31. g4 Nh4 32. Kg3 g5 33. Bd2
Kg6 34. f5+ Nxf5+ 35. gxf5+ Kxf5 36. Kf3 h5 37. Ke3 c5 38. Ba5 cxd4+ 39. Kxd4
c6 40. Bc3 g4 41. hxg4+ Kxg4 42. Be1 h4 43. Bxh4 Kxh4 44. Kc5 Kg5 45. Kxc6 Kf5
46. Kd5 a5 47. a4 Kf4 48. Kd4 Kf5 49. Kd5 Kf4 1/2-1/2

[Event "Frankfurt Ch B 2016"]
[Site "Ffm-Höchst, BiKuZ"]
[Date "2016.06.06"]
[Round "6.10"]
[White "Goodwin, David"]
[Black "Mook, Karl-Jürgen"]
[Result "1-0"]
[WhiteElo "1323"]
[BlackElo "1329"]
[PlyCount "47"]
[EventDate "2016.??.??"]
[WhiteTeam "SV Kelsterbach"]
[BlackTeam "SC Sulzbach"]

1. Nf3 Nf6 2. g3 b6 3. Bg2 Bb7 4. O-O c5 5. d3 Nc6 6. Nbd2 d6 7. c3 e6 8. Qa4
Qc7 9. Ng5 Be7 10. Nge4 O-O 11. Nxf6+ Bxf6 12. Nf3 h6 13. Qg4 Kh8 14. Qh5 Qe7
15. h4 Ne5 16. Nxe5 Bxe5 17. Bxb7 Qxb7 18. f4 Bf6 19. f5 Be5 20. f6 Bxf6 21.
Bxh6 Kg8 22. Rxf6 Qe7 23. Bxg7 Kxg7 24. Qg5+ 1-0

[Event "Frankfurt Ch B 2016"]
[Site "Ffm-Höchst, BiKuZ"]
[Date "2016.06.06"]
[Round "6.11"]
[White "Peschk, Kathrin"]
[Black "Falk, Aniko Tim"]
[Result "0-1"]
[WhiteElo "1131"]
[BlackElo "1191"]
[PlyCount "120"]
[EventDate "2016.??.??"]
[WhiteTeam "SV Groß-Gerau"]
[BlackTeam "SK Hungen"]

1. f4 d5 2. Nf3 Nc6 3. d4 g6 4. e3 Bg4 5. Be2 Bxf3 6. Bxf3 e6 7. O-O Nf6 8. c3
Bg7 9. Nd2 Qe7 10. Be2 a6 11. Nf3 Ne4 12. Ne5 Bxe5 13. fxe5 O-O-O 14. Bd2 h5
15. Bd3 Rdf8 16. Bxe4 dxe4 17. Rf4 f5 18. Qe1 g5 19. Rf1 g4 20. a3 h4 21. c4 h3
22. g3 Rd8 23. Rd1 Rd7 24. Bc3 Rhd8 25. Qe2 Qf7 26. Kh1 Nb8 27. Bb4 b6 28. a4
c5 29. dxc5 bxc5 30. Bxc5 Rd3 31. Bd6 Qb7 32. b4 Kd7 33. Kg1 Ke8 34. Rf2 Nc6
35. Rxd3 exd3 36. Qxd3 Qxb4 37. Bxb4 Rxd3 38. Bd6 Rxe3 39. Rb2 Nxe5 40. Bxe5
Rxe5 41. Rc2 Rc5 42. Kf2 e5 43. Re2 Ke7 44. Re3 e4 45. Rc3 Ke6 46. Ke3 Ke5 47.
Rc2 Rc8 48. c5 Kd5 49. Rd2+ Kc6 50. Rd6+ Kxc5 51. Rxa6 Kb4 52. Re6 Rc5 53. Rb6+
Kxa4 54. Rb2 Ka3 55. Rf2 Rc3+ 56. Kd4 Rf3 57. Rxf3+ exf3 58. Ke3 Kb3 59. Kf2
Kc3 60. Ke3 Kc2 0-1

[Event "Frankfurt Ch B 2016"]
[Site "Ffm-Höchst, BiKuZ"]
[Date "2016.06.06"]
[Round "6.12"]
[White "Urbach, Jens"]
[Black "Blank, Martina"]
[Result "1-0"]
[WhiteElo "1417"]
[BlackElo "955"]
[PlyCount "39"]
[EventDate "2016.??.??"]
[WhiteTeam "SF Frankfurt"]
[BlackTeam "vereinslos"]

1. e4 e5 2. Nf3 Nc6 3. d4 exd4 4. Nxd4 Bc5 5. Be3 Nf6 6. Nxc6 bxc6 7. Bxc5 d5
8. e5 Ne4 9. Qd4 Qg5 10. Nc3 Nxc5 11. Qxc5 Qxe5+ 12. Be2 Bd7 13. O-O Kd8 14.
Rfe1 Re8 15. Rad1 Re6 16. Rd3 Rh6 17. Qf8+ Be8 18. g3 Kd7 19. Re3 Qd6 20. Bg4+
1-0

[Event "Frankfurt Ch B 2016"]
[Site "Ffm-Höchst, BiKuZ"]
[Date "2016.06.06"]
[Round "6.14"]
[White "Häfner, Günther"]
[Black "Klein, Simon"]
[Result "0-1"]
[WhiteElo "845"]
[BlackElo "1083"]
[PlyCount "160"]
[EventDate "2016.??.??"]
[WhiteTeam "FV Berkersheim"]
[BlackTeam "SF Frankfurt"]

1. d4 f5 2. Nf3 e6 3. e3 Nf6 4. Bd3 c5 5. Nbd2 Nc6 6. a3 b6 7. O-O cxd4 8. exd4
Bd6 9. Nc4 Bc7 10. c3 O-O 11. Re1 Qe8 12. Bxf5 Qh5 13. Bh3 Nd5 14. Qd3 Ba6 15.
b3 Nf4 16. Bxf4 Rxf4 17. Qe3 Raf8 18. Ncd2 Bb7 19. Rf1 Ne7 20. Ne5 Nd5 21. Qd3
Bxe5 22. dxe5 Qxe5 23. Rae1 Qxc3 24. Qxc3 Nxc3 25. g3 R4f6 26. Re3 Nb5 27. Nc4
Ba6 28. f4 Nxa3 29. Rd1 Nxc4 30. bxc4 R6f7 31. Bf1 Rc8 32. Re4 Bb7 33. Red4 Rc7
34. Ra1 Ba8 35. Bg2 Rf8 36. Rad1 Bxg2 37. Kxg2 Rd8 38. Kf3 a6 39. Ra1 Ra8 40.
Ke4 Rac8 41. Kd3 a5 42. Ra4 Rc5 43. Rxd7 b5 44. cxb5 Rxb5 45. Re7 Rc6 46. Rd7
Rh5 47. h4 Rb5 48. Ke3 Rc3+ 49. Rd3 Rxd3+ 50. Kxd3 Rb3+ 51. Ke4 Rxg3 52. Rxa5
Rh3 53. h5 Rh2 54. Ke3 Rh3+ 55. Ke4 Rb3 56. Ra7 Rb5 57. Re7 Rb6 58. Ke5 Rc6 59.
Rxe6 Rc5+ 60. Kd6 Rxh5 61. Re4 Kf7 62. Re7+ Kf6 63. Re6+ Kf5 64. Re5+ Kg4 65.
Rxh5 Kxh5 66. Ke5 Kg4 67. f5 h5 68. Ke4 h4 69. Ke3 h3 70. Kf2 Kxf5 71. Kg3 g5
72. Kxh3 g4+ 73. Kg3 Kg5 74. Kg2 Kf4 75. Kf2 g3+ 76. Kg2 Kg4 77. Kh1 Kf3 78.
Kg1 g2 79. Kh2 Kf2 80. Kh3 g1=Q 0-1

[Event "Frankfurt Ch B 2016"]
[Site "Ffm-Höchst, BiKuZ"]
[Date "2016.06.06"]
[Round "6.16"]
[White "Albrecht, Edwin"]
[Black "Pessotschinski, Lars"]
[Result "0-1"]
[WhiteElo "838"]
[BlackElo "764"]
[Annotator "Schloessner,Henrik"]
[PlyCount "35"]
[EventDate "2016.??.??"]
[WhiteTeam "SC Bad Soden"]
[BlackTeam "TuS Makkabi"]

1. e4 c5 2. Nf3 Nf6 3. d3 h6 4. c3 d6 5. Be3 Be6 6. Nbd2 Nc6 7. d4 d5 8. exd5
Qxd5 9. Bc4 Qd6 10. O-O Bxc4 11. Re1 Bd5 12. b3 Be4 13. Nxe4 Nxe4 14. Qc2 Nf6
15. h3 g5 16. Rad1 Bg7 17. dxc5 Qc7 18. b4 {An dieser Stelle spielte Schwarz
nicht regelkonform 0-0-0... 0-1 (ca.73)} 0-1

[Event "Frankfurt Ch B 2016"]
[Site "Ffm-Höchst, BiKuZ"]
[Date "2016.06.06"]
[Round "6.17"]
[White "Lassek, Bjarne"]
[Black "Lachmann, Irma"]
[Result "1-0"]
[WhiteElo "737"]
[BlackElo "743"]
[PlyCount "69"]
[EventDate "2016.??.??"]
[WhiteTeam "SC Nied"]
[BlackTeam "FV Berkersheim"]

1. e4 e5 2. Nf3 Nc6 3. Bc4 Nf6 4. Ng5 d5 5. exd5 Nxd5 6. O-O Qxg5 7. Bxd5 Ne7
8. d4 Nxd5 9. Bxg5 Be7 10. Bxe7 Nxe7 11. dxe5 O-O 12. Nc3 Be6 13. Qd3 Rad8 14.
Qe2 a6 15. Rad1 g6 16. Qe4 c6 17. Qh4 Rfe8 18. Ne4 Kh8 19. Nd6 Rf8 20. Qxe7 b6
21. Rd2 Kg7 22. Rfd1 b5 23. Nb7 Rde8 24. Qf6+ Kh6 25. Rd8 Rxd8 26. Rxd8 Rxd8
27. Nxd8 c5 28. Nxf7+ Bxf7 29. Qxf7 c4 30. b4 cxb3 31. cxb3 a5 32. Qf6 a4 33.
b4 a3 34. h4 Kh5 35. Qg5# 1-0

[Event "Frankfurt Ch A 2016"]
[Site "Ffm-Höchst, BiKuZ"]
[Date "2016.06.13"]
[Round "7.1"]
[White "Telljohann, Sven"]
[Black "Poetsch, Hagen"]
[Result "1/2-1/2"]
[WhiteElo "2345"]
[BlackElo "2484"]
[PlyCount "56"]
[EventDate "2016.??.??"]
[WhiteTeam "SF Schöneck"]
[BlackTeam "SF Schöneck"]

1. Nf3 Nf6 2. g3 d5 3. Bg2 c5 4. O-O g6 5. c4 d4 6. e3 Bg7 7. exd4 cxd4 8. d3
Nc6 9. Bf4 Nd7 10. Na3 e5 11. Bg5 f6 12. Bc1 Nc5 13. Nc2 a5 14. b3 Qb6 15. Ba3
O-O 16. Bxc5 Qxc5 17. Nd2 f5 18. Bd5+ Kh8 19. a3 Bd7 20. Rb1 Qd6 21. b4 axb4
22. axb4 e4 23. b5 exd3 24. Ne1 Ne5 25. Nef3 Ng4 26. Re1 Bh6 27. Qb3 Ra3 28.
Qb2 b6 1/2-1/2

[Event "Frankfurt Ch A 2016"]
[Site "Ffm-Höchst, BiKuZ"]
[Date "2016.06.13"]
[Round "7.2"]
[White "Khenkin, Igor"]
[Black "Legde, Georg"]
[Result "1/2-1/2"]
[WhiteElo "2546"]
[BlackElo "2299"]
[PlyCount "50"]
[EventDate "2016.??.??"]
[WhiteTeam "SG Porz"]
[BlackTeam "Freibauer Mörlenbach"]

1. d4 d5 2. Nf3 Nf6 3. Bf4 c5 4. e3 Nc6 5. Nbd2 e6 6. c3 Bd6 7. Bg3 O-O 8. Bd3
b6 9. e4 dxe4 10. Nxe4 Nxe4 11. Bxe4 Bb7 12. Qa4 Rc8 13. Rd1 Qe7 14. dxc5 Bxc5
15. b4 f5 16. Bb1 Nxb4 17. Bh4 Qe8 18. Qxe8 Rcxe8 19. cxb4 Bxb4+ 20. Ke2 h6 21.
Rd7 Bxf3+ 22. gxf3 g5 23. f4 gxh4 24. Rg1+ Kh8 25. Rgg7 Rf6 1/2-1/2

[Event "Frankfurt Ch A 2016"]
[Site "Ffm-Höchst, BiKuZ"]
[Date "2016.06.13"]
[Round "7.3"]
[White "Rondonuwu, Grover"]
[Black "Keller, Peter"]
[Result "0-1"]
[WhiteElo "1976"]
[BlackElo "2248"]
[PlyCount "76"]
[EventDate "2016.??.??"]
[WhiteTeam "Frankfurter TV"]
[BlackTeam "Frankfurter TV"]

1. Nf3 c5 2. g3 Nc6 3. Bg2 d5 4. c4 d4 5. O-O Nf6 6. d3 e6 7. Re1 Bd6 8. e3 h6
9. exd4 cxd4 10. Na3 O-O 11. Nc2 a5 12. Na3 e5 13. Nb5 Bf5 14. a3 Bb8 15. b3
Nd7 16. Nh4 Bh7 17. Be4 Bxe4 18. dxe4 Nc5 19. Rb1 Ne7 20. Qg4 Qd7 21. Qxd7 Nxd7
22. g4 Rc8 23. a4 Ba7 24. Nd6 Rc7 25. Nhf5 Nxf5 26. gxf5 Bc5 27. Nb5 Rc6 28.
Bd2 Kh7 29. Kh1 Bb4 30. Bxb4 axb4 31. f4 f6 32. fxe5 fxe5 33. Rg1 Nc5 34. Rbf1
Rd8 35. Kg2 d3 36. Kf2 d2 37. Ke2 Nxb3 38. Kd1 Rxc4 0-1

[Event "Frankfurt Ch A 2016"]
[Site "Ffm-Höchst, BiKuZ"]
[Date "2016.06.13"]
[Round "7.4"]
[White "Bösch, Dirk"]
[Black "Benninger, Rudolf"]
[Result "1-0"]
[WhiteElo "2098"]
[BlackElo "1970"]
[PlyCount "114"]
[EventDate "2016.??.??"]
[WhiteTeam "SK Ebringen"]
[BlackTeam "SC Heusenstamm"]

1. c4 g6 2. g3 Bg7 3. Bg2 c5 4. e4 Nc6 5. Ne2 e6 6. Nbc3 Nge7 7. O-O O-O 8. d3
d6 9. Be3 Nd4 10. Qd2 Nec6 11. Bh6 Rb8 12. Bxg7 Kxg7 13. Rab1 a6 14. Nxd4 Nxd4
15. b4 b5 16. cxb5 axb5 17. Ne2 Nxe2+ 18. Qxe2 e5 19. f4 f6 20. Qf2 cxb4 21.
Rxb4 Qa5 22. Rfb1 Ra8 23. R1b2 Bd7 24. d4 Rfc8 25. Qd2 Rc7 26. fxe5 dxe5 27. h3
Rac8 28. Kh2 Qa7 29. g4 h6 30. g5 hxg5 31. dxe5 fxe5 32. Qxg5 Qc5 33. R4b3 Rf8
34. Rd3 Be6 35. Rbd2 Rcf7 36. Rd6 Rf6 37. h4 Bc4 38. Rd7+ R8f7 39. h5 Rxd7 40.
Rxd7+ Rf7 41. Qxg6+ Kf8 42. Rd8+ Ke7 43. Qg5+ Rf6 44. Rd7+ Kxd7 45. Qxf6 Qe7
46. Bh3+ Ke8 47. Qxe7+ Kxe7 48. a3 Kf6 49. Bg4 Kg5 50. Kg3 Bf7 51. Bd7 Bc4 52.
Be8 Bd3 53. Kf3 Bc4 54. Bg6 Be6 55. Be8 Bc4 56. Ke3 Bf1 57. Kd2 Bc4 1-0